Participatory monitoring and evaluation of development programmes : (Record no. 5921)
[ view plain ]
| 000 -LEADER | |
|---|---|
| fixed length control field | 00695nam a22002297a 4500 |
| 001 - CONTROL NUMBER | |
| control field | BD-DhSAU 5921 |
| 003 - CONTROL NUMBER IDENTIFIER | |
| control field | BD-DhSAU |
| 005 - DATE AND TIME OF LATEST TRANSACTION | |
| control field | 20150429155301.0 |
| 008 - FIXED-LENGTH DATA ELEMENTS--GENERAL INFORMATION | |
| fixed length control field | 150429b2006 ii a|||| |||| 001 0 eng d |
| 020 ## - INTERNATIONAL STANDARD BOOK NUMBER | |
| International Standard Book Number | 8183210449 |
| 040 ## - CATALOGING SOURCE | |
| Original cataloging agency | BD-DhSAU |
| 082 ## - DEWEY DECIMAL CLASSIFICATION NUMBER | |
| Edition number | 22 |
| Classification number | 630.715 |
| Item number | BAP |
| 100 ## - MAIN ENTRY--PERSONAL NAME | |
| Personal name | Basu, D. |
| 245 ## - TITLE STATEMENT | |
| Title | Participatory monitoring and evaluation of development programmes : |
| Remainder of title | Practioners guide / |
| Statement of responsibility, etc. | By D. Basu, M. M. Adhikary and D. Biswas |
| 260 ## - PUBLICATION, DISTRIBUTION, ETC. (IMPRINT) | |
| Place of publication, distribution, etc. | Udaipur : |
| Name of publisher, distributor, etc. | Agrotech publishers , |
| Date of publication, distribution, etc. | c2006. |
| 300 ## - PHYSICAL DESCRIPTION | |
| Extent | 208 p.: |
| Other physical details | ill. ; |
| Dimensions | 21 cm. |
| 504 ## - BIBLIOGRAPHY, ETC. NOTE | |
| Bibliography, etc | Includes bibliography and index |
| 590 ## - Name of Cataloguer | |
| Name of Cataloger | IMRAN |
| 650 ## - SUBJECT ADDED ENTRY--TOPICAL TERM | |
| Topical term or geographic name as entry element | Statistics |
| 700 ## - ADDED ENTRY--PERSONAL NAME | |
| Personal name | Adhikary, M. M. |
| 700 ## - ADDED ENTRY--PERSONAL NAME | |
| Personal name | Biswas, D. |
| 942 ## - ADDED ENTRY ELEMENTS (KOHA) | |
| Source of classification or shelving scheme | Dewey Decimal Classification |
| Koha item type | Book |
| Withdrawn status | Lost status | Source of classification or shelving scheme | Damaged status | Not for loan | Collection code | Home library | Branch Name | Shelving location | Date acquired | Total Checkouts | Full call number | Barcode | Date last seen | Price effective from | Koha item type |
|---|---|---|---|---|---|---|---|---|---|---|---|---|---|---|---|
| Dewey Decimal Classification | Not For Loan | Reference | SAU Library | SAU Library | Reference | 25/10/2007 | 630.715 BAP | 32905 | 29/04/2015 | 29/04/2015 | Book | ||||
| Dewey Decimal Classification | SAU Library | SAU Library | General Stacks | 29/10/2007 | 630.715 BAP | 32906 | 20/04/2016 | 20/04/2016 | Book |
